Movies Quiz

Random Movies or Famous Quiz

Movie Quotes: Jeopardy Style Quiz Stats

 Plays Quiz Updated Jul 5, 2015

Challenge
Share
Tweet
Embed
Score 0/30 Timer 04:00
29 Plays Today
% Correct
a damn
97%
a problem
97%
the truth
95.9%
the corner
94%
the morning
93.8%
hello
92.5%
dead people
92%
Kansas
91.7%
he will come
90.9%
his liver
89.2%
speed
87.1%
a bigger boat
85.2%
a contender
83.4%
Shirley
81.8%
his mother
81.5%
% Correct
what she's having
81.3%
the world
81.3%
perfect
79.1%
Paris
78.9%
that rug
78.9%
your eye
78.7%
crying
78.4%
my day
77.4%
the War Room
76.4%
the kindness of strangers
76.3%
the mileage
71.9%
an offer he can't refuse
71.7%
here
66.9%
stinking badges
62.5%
greed
61.2%

You're not logged in!

Compare scores with friends on all Sporcle quizzes.
Join for Free
OR
Log In

You Might Also Like...

Show Comments

Extras

Top Quizzes Today


Score Distribution

Your Account Isn't Verified!

In order to create a playlist on Sporcle, you need to verify the email address you used during registration. Go to your Sporcle Settings to finish the process.

Report this User

Report this user for behavior that violates our Community Guidelines.

Details: